000
00284nam a2200133Ia 4500
100
_a
Uppenbeck John
942
_c
BK
654
_a
8086 & 8088 family
245
_a
8086 & 8088 family
260
_b
prentice hall
_a
London
_c
1997
300
_a
630
546
_a
ENGLISH
999
_c
26876
_d
26876